000 00698nam a2200241Ia 4500
003 OSt
005 20220926012115.0
006 a|||||r|||| 00| 0
007 ta
008 220923b |||||||| |||| 00| 0 eng d
037 _cGeneral Book
040 _aRTL
_cRTL
_beng
041 _2eng
_aeng
082 _aY33.73.N6, K8
100 _aFrieden Bernard J
_9251406
245 0 _aUrban planning and social policy
260 _aNew York
_bBasic Books
_c1968
300 _axvii,459p
_ccm.
650 _aUrban Sociology
_934088
700 _a Morris Robert Ed.
_9139708
942 _hY33.73.N6, K8
_cGB
_2CC
999 _c621719
_d621719